000
00301nam a2200121Ia 4500
005
20251222152601.0
008
251222s9999||||xx |||||||||||||| ||spa||
082
_a
808.838/S17/N7
100
_a
Editorial Salvat S.A.
245
0
_a
Biblioteca Clásica Universal
264
_b
Alianza S.A.
942
_c
LIB
999
_c
26624
_d
26624